000 00611nam a2200229Ia 4500
003 OSt
005 20220918194938.0
006 a|||||r|||| 00| 0
007 ta
008 220917b |||||||| |||| 00| 0 eng d
024 _a82,577
037 _cTextual
040 _aARTS
_cARTS
_beng
041 _2eng
_aeng
082 _aS:72:6, J8
100 _aMcclelkland David C
_988084
245 0 _aTalent and society
_b new perspectices in the identification of talent
260 _c1958
650 _aPSYCHOLOGY
942 _hS:72:6, J8
_cTEXL
_2CC
999 _c206295
_d206295